00290nam a22001217a 4500003000400000082001700004100001700021245004300038260004400081300000700125650001800132653001800150SGT a617.63bE21M aMehta, Mansi aEffectiveness of combined multiple.... aGurugram, HaryanabSGT Universityc2021 a92 aOral Medicine aOral Medicine